| 000 | 00847cam a22002411i 4500 | ||
|---|---|---|---|
| 003 | SA-RiAUC | ||
| 005 | 20250522055439.0 | ||
| 008 | 250521s1999 su g f00010 ara c | ||
| 040 |
_aSA-JeALM _bara _cSA-RiAUC. _erda |
||
| 043 | _aa-su--- | ||
| 082 | 0 | 4 | _a353.309531 |
| 090 |
_a353.309531 _bس ف ر |
||
| 100 | 1 |
_aسفر، محمود محمد، _d1358-1444 هجري _eمؤلف. |
|
| 245 | 1 | 2 |
_aالأمن في الحج / _cمحمود بن سفر محمد سفر. |
| 264 | 1 |
_aالرياض : _bوزارة الحج، _c1999 |
|
| 300 |
_a104 صفحة ؛ _c20 سم |
||
| 336 |
_aنص _btxt _2rdacontent _3كتاب |
||
| 337 |
_aبدون وسيط _bn _2rdamedia |
||
| 338 |
_aمجلد _bnc _2rdacarrier |
||
| 650 | 7 |
_aالحج _zالسعودية _xتدابير سلامة _2aucsh |
|
| 942 |
_2ddc _cBOOK _n0 |
||
| 949 |
_aSA-JeALM _d250521 _umohamedma123 _n1 |
||
| 999 |
_c8238 _d8238 |
||